000 00501nam a22001817a 4500
003 MPLRDC
005 20220104181328.0
008 210129b ||||| |||| 00| 0 eng d
020 _a967-942-394-8
082 _a006.2 UKM-43 1998
100 _aABDUL HALIM NASIR
245 _aMEMOIR ABDUL HALIM NASIR, DARI KAMPUNG SEKOLAH KE MENARA GADING
_c
250 _a初版
260 _a
_bUNIVERSITI KEBANGSAAN MALAYSIA
_c1998
300 _b
650 _a指定文库
942 _cBK
_o006.2 UKM-43 1998
999 _c61385
_d61375